Similar Flags Quiz - Statistics

General Stats
  • This quiz has been taken 29 times
    26 since last reset
  • The average score is 70 of 124
Answer Stats
Group Hint Answer % Correct
G4 Sweden
100%
G12 Belgium
95%
G4 Finland
95%
G12 Germany
95%
G4 Norway
95%
G4 Denmark
90%
G4 Iceland
90%
G5 Switzerland
90%
G32 Croatia
85%
G4 Dominican Republic
85%
G5 Georgia
85%
G13 Ireland
85%
G29 Somalia
85%
G21 Austria
80%
G3 Brazil
80%
G29 Honduras
80%
G3 Japan
80%
G5 Malta
80%
G21 Poland
80%
G32 Serbia
80%
G32 Slovakia
80%
G32 Slovenia
80%
G3 South Korea
80%
G8 Turkey
80%
G3 Bangladesh
75%
G13 Cote d'Ivoire
75%
G29 Micronesia
75%
G3 Palau
75%
G5 Tonga
75%
G8 Tunisia
75%
G33 Cambodia
70%
G14 France
70%
G15 Guatemala
70%
G15 Honduras
70%
G21 Indonesia
70%
G24 Iran
70%
G21 Latvia
70%
G21 Monaco
70%
G14 Netherlands
70%
G33 North Korea
70%
G24 Bulgaria
65%
G18 China
65%
G23 Jordan
65%
G33 Laos
65%
G31 Liechtenstein
65%
G7 Lithuania
65%
G14 Luxembourg
65%
G15 Nicaragua
65%
G14 Russia
65%
G18 Vietnam
65%
G33 Belize
60%
G19 Burkina Faso
60%
G16 Cuba
60%
G15 El Salvador
60%
G34 Estonia
60%
G24 Hungary
60%
G23 Kuwait
60%
G24 Oman
60%
G7 Senegal
60%
G23 Syria
60%
G28 Ukraine
60%
G23 United Arab Emirates
60%
G6 Chad
55%
G30 Chile
55%
G7 Ethiopia
55%
G31 Haiti
55%
G6 Moldova
55%
G19 Myanmar
55%
G21 Peru
55%
G6 Romania
55%
G28 Saint Vincent & the Grenadines
55%
G16 Thailand
55%
G6 Venezuela
55%
G6 Ecuador
50%
G35 Lesotho
50%
G24 Madagascar
50%
G7 Mali
50%
G6 Andorra
45%
G27 Argentina
45%
G6 Armenia
45%
G1 Australia
45%
G7 Benin
45%
G34 Botswana
45%
G19 Cameroon
45%
G33 Cape Verde
45%
G6 Colombia
45%
G16 Costa Rica
45%
G7 Ghana
45%
G30 Panama
45%
G1 United Kingdom
45%
G27 Uruguay
45%
G7 Bolivia
40%
G11 Kenya
40%
G30 Liberia
40%
G1 New Zealand
40%
G14 Paraguay
40%
G17 Qatar
40%
G30 Taiwan
40%
G7 Togo
40%
G17 Bahrain
35%
G22 Egypt
35%
G24 Equatorial Guinea
35%
G7 Guinea
35%
G20 India
35%
G30 Samoa
35%
G35 Sierra Leone
35%
G25 Central African Republic
30%
G7 Guinea-Bissau
30%
G11 Libya
30%
G9 Algeria
25%
G10 Azerbaijan
25%
G25 Comoros
25%
G2 Fiji
25%
G20 Niger
25%
G28 Solomon Islands
25%
G10 Uzbekistan
25%
G22 Iraq
20%
G9 Mauritania
20%
G9 Pakistan
20%
G25 Seychelles
20%
G11 South Sudan
20%
G2 Tuvalu
20%
G22 Yemen
20%
G25 Mauritius
15%
No matching quizzes found
Score Distribution
Percent of People with Each Score
Percentile by Number Answered
Your Score History
You have not taken this quiz since the last reset